000 00787cam a22002055a 4500
001 L149101
008 100111eYEAR xxk 000 0 eng d
035 _a(Sirsi) u149101
041 0 _aeng
110 2 _aProperty Week
_91549
245 0 0 _aIntelligence
_bCushman and Wakefield monthly yields analysis
260 _c2009
490 0 _aProperty Week
_v75(49) 4 December 2009, 40(1)
520 _aCushman?s November update on the UK property investment market shows continued compression is a correction not a rally with prime yields falling in November by 6.2%. Table presents prime yields by sector and subsector.
590 _aKA
651 4 _aUnited Kingdom
_y
690 _aPROPERTY-COMMERCIAL PROPERTY-COMMERCIAL PROPERTY FINANCE AND INVESTMENT
856 4 8 _u
_z
942 _n0
999 _c82050
_d82050